|
|
|
|
| LEADER |
00782cam a2200229 7i4500 |
| 001 |
0000054056 |
| 005 |
20200722090000.0 |
| 020 |
|
|
|a 0761994327 (paperback)
|
| 090 |
0 |
0 |
|a HF5549.5
|b .L96 2000
|
| 100 |
1 |
|
|a Lynton, Rolf P
|
| 245 |
1 |
0 |
|a Training for organizational transformation
|c Rolf P. Lynton, Udai Pareek.
|
| 264 |
|
1 |
|a New Delhi:
|b Sage Publications,
|c 2000.
|
| 300 |
|
|
|a x, 413 pages;
|c 22 cm.
|
| 336 |
|
|
|a text
|2 rdacontent
|
| 337 |
|
|
|a unmediated
|2 rdamedia
|
| 338 |
|
|
|a volume
|2 rdacarrier
|
| 500 |
|
|
|a Gift: Prof. Dr. Mohd Nor bin Nawawi
|
| 505 |
0 |
|
|a v. 2. For trainers, consultants, and priciples
|
| 650 |
0 |
0 |
|a Organizational change
|
| 650 |
0 |
0 |
|a Employees --
|x Training of
|
| 700 |
1 |
|
|a Pareek, Udai
|a uthor
|
| 999 |
|
|
|a 0000069400
|b BOK
|c OPEN SHELF
|e 1st Floor, Bestari Jaya
|